000 00381nam a2200145Ia 4500
005 20240814115810.0
008 240813s9999||||xx |||||||||||||| ||und||
082 _a371.3 MEL
100 _aMelvin, A. Gordon
245 0 _aGeneral methods of teaching
260 _aNew York
_bMcGraw-Hill Book Co.
_c1952
300 _a251p
650 _aMethods of Instruction and Study
942 _cBK
999 _c1744
_d1744